| 000 | 00547nam a2200193Ia 4500 | ||
|---|---|---|---|
| 003 | OSt | ||
| 005 | 20200120150904.0 | ||
| 008 | 190216s9999||||xx |||||||||||||| ||und|| | ||
| 020 | _a9780070588417 | ||
| 040 | _coclc | ||
| 082 |
_a339 _bDWI/M |
||
| 100 |
_aDwivedi, D N _9463 |
||
| 245 | 0 |
_aMacroeconomics Theory And Policy / _cD N Dwivedi |
|
| 250 | _a2nd ed. | ||
| 260 |
_bTata Mcgraw Hill Publishing Company, _aNew Delhi: _c2005. |
||
| 300 | _a603p | ||
| 650 | _aEconomics | ||
| 942 |
_cBK _2ddc _h339 _iDWI/M _k339 _mDWI/M |
||
| 999 |
_c10817 _d10817 |
||